| Поле | Название | Значение |
| |
Тип записи |
a |
| |
Библиографический уровень |
m |
| 001 |
Контрольный номер |
7b8c17877e994e199fb39af3a8d78901 |
| 005 |
Дата корректировки |
20140602150638.4 |
| 010 |
Индекс ISBN |
__ |
| a |
ISBN |
978-5-7054-0048-5 |
| 101 |
Язык документа |
0_ |
| a |
Язык текста |
rus |
| 102 |
Страна публикации |
__ |
| a |
Страна публикации |
RU |
| 200 |
Заглавие и сведения об ответственности |
1_ |
| a |
Заглавие |
Источники финансирования бизнеса |
| f |
Первые сведения об ответственности |
Д. А. Шевчук |
| 210 |
Выходные данные |
1_ |
| c |
Издательство |
Финансовая газета |
| a |
Место издания |
М. |
| d |
Дата издания |
2008 |
| 215 |
Физическое описание |
__ |
| a |
Объем |
48 с. |
| 225 |
Серия |
2_ |
| a |
Серия |
Финансовая газета: международный финансовый еженедельник |
| 610 |
Ключевые слова |
0_ |
| a |
Ключевые слова |
бизнес |
| 610 |
Ключевые слова |
0_ |
| a |
Ключевые слова |
предпринимательство |
| 610 |
Ключевые слова |
0_ |
| a |
Ключевые слова |
ценные бумаги |
| 610 |
Ключевые слова |
0_ |
| a |
Ключевые слова |
эмиссия |
| 610 |
Ключевые слова |
0_ |
| a |
Ключевые слова |
кредитное финансирование |
| 610 |
Ключевые слова |
0_ |
| a |
Ключевые слова |
коммерческое кредитование |
| 686 |
Индексы других классификаций |
__ |
| a |
Классификационный индекс |
65.9(2)09 |
| 2 |
Код системы |
rubbk |
| 700 |
Автор |
_1 |
| a |
Фамилия |
Шевчук |
| b |
Имя |
Д. А. |
| g |
Полное личное имя |
Денис Алексанлрович |
| 801 |
Источник записи |
_0 |
| a |
Страна |
RU |
| b |
Организация |
РУК |
| c |
Дата составления |
20080704 |
| g |
Правила каталогизации |
PSBO |
| 801 |
Источник записи |
_1 |
| a |
Страна |
RU |
| b |
Организация |
РУК |
| c |
Дата составления |
20080704 |
| g |
Правила каталогизации |
PSBO |
| 852 |
Данные о местонахождении |
__ |
| j |
Шифр хранения |
ББК 65.9(2)09 |
| i |
Авторский знак |
Ш 37 |
| 901 |
Тип документа |
__ |
| t |
Тип документа |
m |
| 938 |
Служебная информация |
__ |
| a |
Название организации |
Головной вуз |
| b |
Имя БД |
BOOK |
| c |
Название АИБС |
АИБС ИРБИС |